Представление документа в формате RUSMARC

ПолеНазваниеЗначение
  Тип записи a
  Библиографический уровень m
001 Контрольный номер SKBR/ef6fb736-54cb-4b3a-b388-d875d2322454
005 Дата корректировки 20251219142515.4
010 Индекс ISBN __
a ISBN 978-5-6049518-3-5
b Уточнения в пер.
9 Тираж 300 экз.
d Цена 1916-00
035 Другие системные номера __
a Идентификатор записи RU/Архангельская ОНБ/GIVC/82.01-441/И 211-411985274
100 Данные общей обработки __
a Данные общей обработки 20250212d2023 k y0rusy028902 ca
101 Язык документа 0_
a Язык текста rus
102 Страна публикации __
a Страна публикации RU
105 Кодированные данные (монография) __
a Кодированные данные (монография) y z 000yy
181 Поле кодированных данных: вид содержания _0
a Код вида содержания (ISBD) i
182 Поле кодированных данных: тип средства _0
a Код типа средства (ISBD) n
200 Заглавие и сведения об ответственности 1_
a Заглавие Историческое пространство в былинах
e Сведения, относящиеся к заглавию монография
f Первые сведения об ответственности Т. Г. Иванова
g Последующие сведения об ответственности Российска академия наук, Институт русской литературы (Пушкинский дом)
203 Вид содержания и тип средства __
c Тип средства непосредственный
a Вид содержания Текст
210 Выходные данные 1_
a Место издания Санкт-Петербург
c Издательство Дмитрий Буланин
d Дата издания 2023
215 Физическое описание __
a Объем 542, [1] с.
d Формат 22 см
320 Библиография __
a Библиография Библиография в подстрочных примечаниях
330 Аннотация __
a Аннотация В монографии рассматривается историческое пространство в былинах, выраженное в топонимах. В центре внимания находится система топонимов, подчиняющаяся координатам «свой» / «чужой», исконные» / «поздние» топонимы, «географические названия, отвечающие реальным локусам» / «топонимы с неясной локализацией», «реальные локусы» / «выдуманные, фантазийные локусы». Специально анализируется концептуальность каждого из топонимов; выявляются основные смыслы, которые вкладываются в каждое географическое название. Предметом внимания является формульное поле, связанное с топонимами, а также региональное своеобразие мира топонимов. Главным инструментарием в исследовании послужили вышедшие и подготовленные к печати тома серии «Былины» Свода русского фольклора, снабженные «Указателями географических и этнических названий».
606 Тематические рубрики __
a Основная рубрика Фольклор
2 Код системы nlr_sh
606 Тематические рубрики __
a Основная рубрика Фольклор России
2 Код системы nlr_sh
606 Тематические рубрики __
a Основная рубрика Языкознание
2 Код системы nlr_sh
606 Тематические рубрики __
a Основная рубрика Русский язык
2 Код системы nlr_sh
610 Ключевые слова 0_
a Ключевые слова русский фольклор
610 Ключевые слова 0_
a Ключевые слова русский эпос
610 Ключевые слова 0_
a Ключевые слова былины
610 Ключевые слова 0_
a Ключевые слова былинный эпос
610 Ключевые слова 0_
a Ключевые слова географические названия
610 Ключевые слова 0_
a Ключевые слова историческое пространство
610 Ключевые слова 0_
a Ключевые слова исторический контекст
610 Ключевые слова 0_
a Ключевые слова топонимика
610 Ключевые слова 0_
a Ключевые слова топонимы в фольклоре
686 Индексы других классификаций __
2 Код системы rubbks
a Классификационный индекс 82.3(2=411.2)-3
686 Индексы других классификаций __
2 Код системы rubbks
a Классификационный индекс 81.411.2-31
700 Автор _1
a Фамилия Иванова
b Имя Т. Г.
g Полное личное имя Татьяна Григорьевна
f Даты 1953-
4 Код отношения 070
712 Наименование организации (Вторичная ответственность) 02
a Организация/ юрисдикция Российская академия наук
712 Наименование организации (Вторичная ответственность) 02
a Организация/ юрисдикция Институт русской литературы (Пушкинский Дом)
c Место постоянной организации Санкт-Петербург
801 Источник записи _0
b Организация Архангельская ОНБ
a Страна RU
c Дата составления 20241127
g Правила каталогизации PSBO
801 Источник записи _1
b Организация Архангельская ОНБ
a Страна RU
c Дата составления 20241127
g Правила каталогизации PSBO
852 Данные о местонахождении __
i Авторский знак И 20
j Шифр хранения 82.3(2=411.2)-3
900 Макрообъекты __
a Макрообъекты Историческое пространство в былинах. Иванова Т.Г. 2023
901 Тип документа __
a Ответственный КиК/Обаева
t Тип документа m
903 Характеристики (МАРС) __
a Дата передачи 20250212
c Наименование библиотеки (МАРС) Муниципальное бюджетное учреждение культуры "Централизованная библиотечная система" г. Сургут (Центральная городская библиотека им. А. С. Пушкина)
969 Тип издания __
a Тип издания научное издание
990 Данные о заказе (DOS) __
j Количество экземпляров (DOS) 1
t N записи в КСУ для И/У (DOS) 202503